Kutná Hora /

Guardado en:
Detalles Bibliográficos
Autores principales: Pospíšil, Aleš (Autor, Editor, Fotógrafo), Koukalová, Šárka (Autor), Macek, Petr (Autor), Ottová, Michaela (Autor)
Otros Autores: Podrazil, Jiří (Fotógrafo), Dostál, Jiří (Ilustrador)
Formato: Libro
Lenguaje:checo
Publicado: Praha : FOIBOS BOOKS, 2014
Edición:1. vydanie
Colección:Světové památky UNESCO
Materias:
Etiquetas: Agregar Etiqueta
Sin Etiquetas, Sea el primero en etiquetar este registro!

MARC

LEADER 00000nam a22000003a 4500
001 0080304
003 SK-STU
005 20200211141655.3
007 ta
008 200211s ----xo-----e------000-0-----d
020 |a 978-80-87073-77-3 
040 |a STU  |b slo 
041 0 |a cze 
044 |a xr 
100 1 |a Pospíšil, Aleš  |4 edt  |4 aut  |4 pht 
245 1 0 |a Kutná Hora /  |c ed. Aleš Pospíšil, Šárka Koukalová, Petr Macek, Michaela Ottová ; fotogr. Jiří Podrazil ; ilustr. Jiří Dostál 
250 |a 1. vydanie 
260 |a Praha :  |b FOIBOS BOOKS,  |c 2014 
300 |a 207 s. 
490 0 |a Světové památky UNESCO 
650 0 7 |a Svetové kultúrne dedičstvo UNESCO 
650 0 7 |a Česko 
650 0 7 |a architektonické pamiatky 
650 0 7 |a dejiny architektúry 
650 0 7 |a ochrana a obnova pamiatok 
650 0 7 |a centrum historické 
700 1 |a Koukalová, Šárka  |4 aut 
700 1 |a Macek, Petr  |4 aut 
700 1 |a Ottová, Michaela  |4 aut 
700 1 |a Podrazil, Jiří  |4 pht 
700 1 |a Dostál, Jiří  |4 ill 
996 |b 284AU08301  |c A* 11561/U  |l AAKNST  |s P  |a 0  |w 0080304_0001